| 000 | 00774nam a2200217 4500 | ||
|---|---|---|---|
| 001 | 113541 | ||
| 003 | DR-UNIBE | ||
| 005 | 20250502135203.0 | ||
| 008 | 250502b2004 es ||||| |||| 00| 0 spa d | ||
| 040 |
_aBIBLIOTECA UNIBE _cBIBLIOTECA UNIBE |
||
| 041 | _aspa | ||
| 082 |
_222 _a346.082 R426L |
||
| 110 |
_aRepública de El Salvador. Leyes, decretos, etc _eautor _9194874 |
||
| 245 |
_aLegislación bancaria / _ccompilador: Corte Suprema de Justicia |
||
| 250 | _aPrimera edición | ||
| 260 |
_aSan Salvador : _bCorte Suprema de Justicia. Sección de Publicaciones, _c2004 |
||
| 300 |
_a682 páginas : _c23 x 18 cm |
||
| 650 |
_2lemb _aBancos _xLegislación _zEl Salvador _9194877 |
||
| 650 |
_2lemb _aDerecho bancario _zRepública de El Salvador _9194878 |
||
| 942 |
_2ddc _cBK |
||
| 999 |
_c113541 _d113541 |
||